000 00285nam a22001337a 4500
082 _a894.812.3
_bEDI/S
100 _aIDICULA,JOSE
245 _aSESHAKRIYA
250 _aFIRST
260 _aKOTTAYAM
_bSINCERE PUBLICATIONS
_c2001
300 _a80
650 _aSTORY
_zKERALA
942 _cBK
999 _c1618
_d1618